Detalles MARC
| 000 -LIDER |
| fixed length control field |
01348nam a2200349 a 4500 |
| 001 - NÚMERO DE CONTROL |
| Identificador de número de control |
000021569 |
| 003 - IDENTIFICACDOR DE NÚMERO DE CONTROL |
| control field |
DO-SdBNP |
| 005 - DATE AND TIME OF LATEST TRANSACTION |
| control field |
20230712132314.0 |
| 007 - CAMPOS FIJOS DE DESCRIPCIÓN FÍSICA |
| fixed length control field |
000021569 |
| 008 - ELEMENTOS DE LONGITUD FIJA |
| fixed length control field |
100909s1991 dr 000 0 spa d |
| 020 ## - ISBN |
| International Standard Book Number |
8489525374 |
| 040 ## - FUENTE DE CATALOGACIÓN |
| Agencia que crea de manera original el registro |
BPMSU |
| Idioma de catalogación |
spa |
| Agencia que realiza la transcripción |
BPMSU |
| 082 #4 - NÚMERO DE CLASIFICACIÓN DECIMAL DE DEWEY |
| Classification number |
972.9304 |
| Item number |
S225B 1991 |
| Edition number |
22 |
| 100 1# - ASIENTO PRINCIPAL -- NOMBRE PERSONAL |
| Nombre personal |
Sang , Mu-Kien A. |
| Forma completa del nombre |
(Mu-Kien Adriana) |
| 245 10 - MENCIÓN DE TITULO |
| Título |
Buenaventura Báez : |
| Subtítulo |
el caudillo del sur (1844-1878) / |
| Mención de responsabilidad |
Mu-Kien A. Sang ; prólogo José Ramón Báez López-Penha. |
| 260 ## - PUBLICACIÓN, DISTRIBUCIÓN, ETC. (PIE DE IMPRENTA) |
| Lugar de publicación, distribución, etc |
Santo Domingo : |
| Nombre del editor, distribuidor, etc. |
INTEC, |
| Fecha de publicación, distribución, etc |
1991. |
| 300 ## - DESCRIPCIÓN FÍSICA |
| Extensión |
434 p. ; |
| Dimensiones |
23 cm. |
| 500 ## - NOTA GENERAL |
| Nota general |
Incluye referencias bibliográficas y notas al pie de las páginas páginas |
| 500 ## - NOTA GENERAL |
| Nota general |
Incluye datos biográficos de la autora en la solapa de la cubierta |
| 500 ## - NOTA GENERAL |
| Nota general |
Incluye índice de nombres |
| 504 ## - NOTA DE BIBLIOGRAFÍA, ETC. |
| Bibliography, etc |
Bibliografía:p. 419-424 |
| 590 ## - NOTA LOCAL |
| Enlace |
Inventariado, 2023/VM |
| 600 14 - ENCABEZAMIENTO DE MATERIA--NOMBRE PERSONAL |
| Nombre personal |
Baéz, Buenaventura |
| Fechas asociadas con el nombre |
1812-1884 |
| 650 #4 - ENCABEZAMIENTO DE MATERIA--TEMÁTICO |
| Término temático o nombre geográfico como elemento de entrada |
Presidentes |
| Subdivisión geográfica |
República Dominicana |
| 651 #4 - ENCABEZAMIENTO DE MATERIA--NOMBRE GEOGRÁFICO |
| Nombre geográfico |
República Dominicana |
| Subdivisión temática general |
Historia |
| Subdivisión cronológica |
1844-1930 |
| 651 #4 - ENCABEZAMIENTO DE MATERIA--NOMBRE GEOGRÁFICO |
| Nombre geográfico |
República Dominicana |
| Subdivisión temática general |
Anexión a España |
| Subdivisión cronológica |
1861-1863 |
| 651 #4 - ENCABEZAMIENTO DE MATERIA--NOMBRE GEOGRÁFICO |
| Nombre geográfico |
República Dominicana |
| Subdivisión temática general |
Restauración |
| Subdivisión cronológica |
1863-1865 |
| 700 1# - ASIENTO SECUNDARIO -- NOMBRE PERSONAL |
| Nombre personal |
Báez López-Penha, José Ramón |
| Mención de responsabilidad |
pról. |
| 710 2# - ASIENTO SECUNDARIO -- NOMBRE CORPORATIVO |
| Nombre corporativo o de jurisdicción |
Instituto Tecnológico de Santo Domingo |
| 910 ## - VALIDACIÓN |
| Validación |
VMateo V. Control de caldiad (BPMSU) |
| 942 ## - ADDED ENTRY ELEMENTS (KOHA) |
| Source of classification or shelving scheme |
Dewey Decimal Classification |
| Koha item type |
Libros |